The autumn of the patriarch /

Đã lưu trong:
Chi tiết về thư mục
Tác giả chính: García Márquez, Gabriel, 1928-
Định dạng: Không biết
Ngôn ngữ:English
Được phát hành: New York : Avon Books, 1976.
Phiên bản:1. edición
Những chủ đề:
Các nhãn: Thêm thẻ
Không có thẻ, Là người đầu tiên thẻ bản ghi này!

MARC

LEADER 000000000a22000000004500
001 014188
020 |a 0380513005 
041 0 |a eng 
082 0 4 |a C863.4   |b G216au 
100 1 |a García Márquez, Gabriel,   |d 1928- 
245 1 4 |a The autumn of the patriarch /   |c Gabriel García Márquez. 
250 |a 1. edición 
260 1 |a New York :   |b Avon Books,   |c 1976. 
300 |a 269 páginas 
500 |a Título original: El otoño del Patriarca. -- Reimpresiones: 1977 
650 4 |a LITERATURA COLOMBIANA 
650 4 |a NOVELA 
500 |a Colección George Yúdice 
999 |c 20083  |d 20083 
942 |c BK  |h C863.4 G216au  |2 z